距离北京各区最近的轨道交通车站 Nearest Metro Station For Every Beijing District - Statistics

General Stats
  • This quiz has been taken 6 times
  • The average score is 11 of 15
Answer Stats
区县 距离 车站 % Correct
顺义 2.2km 顺义
100%
昌平 190m 昌平
100%
平谷 37km 俸伯
100%
密云 30km 俸伯
100%
延庆 30km 昌平西山口
100%
东城 450m 东四
83%
朝阳 650m 东大桥
67%
通州 1.0km 通州北关
67%
大兴 890m 黄村火车站
67%
怀柔 21km 石门
67%
丰台 730m 丰台东大街
50%
海淀 390m 长春桥
50%
西城 390m 太平桥
33%
房山 2.9km 良乡南关
33%
门头沟 3.7km 桥户营
33%
No matching quizzes found
Score Distribution
Percent of People with Each Score
Percentile by Number Answered
Your Score History
You have not taken this quiz